LEADER 03313nam 2200421 450 001 9910557306203321 005 20230329161633.0 035 $a(CKB)5400000000042794 035 $a(oapen)https://directory.doabooks.org/handle/20.500.12854/68920 035 $a(NjHacI)995400000000042794 035 $a(EXLCZ)995400000000042794 100 $a20230329d2020 uy 0 101 0 $aeng 135 $aurmn|---annan 181 $ctxt$2rdacontent 182 $cc$2rdamedia 183 $acr$2rdacarrier 200 00$aAdvances in Coatings Deposition and Characterization /$fAlessandro Lavacchi, Massimo Innocenti, Steve Bull, editors 210 1$aBasel, Switzerland :$cMDPI - Multidisciplinary Digital Publishing Institute,$d2020. 215 $a1 electronic resource (196 p.) 311 $a3-03921-738-0 311 $a3-03921-739-9 327 $aAbout the Selected Editors -- Preface to "Advances in Coatings Deposition and Characterization" -- Development of YSZ Thermal Barrier Coatings Using Axial Suspension Plasma Spraying -- Sputtering Physical Vapour Deposition (PVD) Coatings: A Critical Review on Process Improvement and Market Trend Demands -- Combination of Electrodeposition and Transfer Processes for Flexible Thin-Film Thermoelectric Generators -- Defect-Free Large-Area (25 cm2) Light Absorbing Perovskite Thin Films Made by Spray Coating -- Antireflection Coatings for Strongly Curved Glass Lenses by Atomic Layer Deposition -- Continuous Tip Widening Technique for Roll-to-Roll Fabrication of Dry Adhesives -- Preparation and Characterization of Bioplastics from Grass Pea Flour Cast in the Presence of Microbial Transglutaminase -- A Guide to and Review of the Use of Multiwavelength Raman Spectroscopy for Characterizing Defective Aromatic Carbon Solids: from Graphene to Amorphous Carbons -- Corrosion Resistance and Durability of Superhydrophobic Copper Surface in Corrosive NaCl Aqueous Solution -- On the Durability and Wear Resistance of Transparent Superhydrophobic Coatings. 330 $aCoatings offer the unique opportunity to create architectures that combine the functionality of two or more materials, conferring unique properties to objects with an extremely large palette of solutions. For this flexibility, thick and thin films have terrific impacts on the most relevant societal challenges. Computers, food packaging, airplanes, and cars, to mention a few familiar objects from everyday life, rely heavily on coatings. To celebrate the key role that coatings have in society, and in science and technology, this book collects a selection of relevant reviews and original research articles published in ?Coatings? in 2017 and 2018. Papers have been selected based on their broad impact and balancing between the two major aspects of coatings science and technology: deposition and characterization. 606 $aCeramic coating$vCongresses 606 $aThin film devices$vCongresses 615 0$aCeramic coating 615 0$aThin film devices 676 $a667.9 702 $aLavacchi$b Alessandro 702 $aInnocenti$b Massimo 702 $aBull$b Steve 801 0$bNjHacI 801 1$bNjHacl 906 $aBOOK 912 $a9910557306203321 996 $aAdvances in Coatings Deposition and Characterization$92823918 997 $aUNINA LEADER 04781nam 22009133 450 001 9910634078203321 005 20230912173516.0 010 $a1-77385-391-0 010 $a1-77385-390-2 024 7 $a10.1515/9781773853901 035 $a(MiAaPQ)EBC30292340 035 $a(Au-PeEL)EBL30292340 035 $a(CKB)25702672700041 035 $a(NjHacI)9925702672700041 035 $a(MiAaPQ)EBC30201033 035 $a(PPN)269012117 035 $a(DE-B1597)664067 035 $a(DE-B1597)9781773853901 035 $a(FR-PaCSA)88940532 035 $a(EXLCZ)9925702672700041 100 $a20221216d2022 uy 0 101 0 $aeng 135 $aurcnu|||||||| 181 $ctxt$2rdacontent 182 $cc$2rdamedia 183 $acr$2rdacarrier 200 10$aPolar Cousins $eComparing Antarctic and Arctic Geostrategic Futures 205 $a1st ed. 210 1$aCalgary :$cUniversity of Calgary Press,$d2022. 210 4$d©2022. 215 $a1 online resource (282 pages) 225 1 $aBeyond Boundaries: Canadian Defence and Strategic Studies 311 $a1-77385-388-0 327 $aFront Cover -- Half Title Page -- Series Page -- Full Title Page -- Copyright Page -- Dedication -- Contents -- Acknowledgements -- Introduction -- PART I -- Prologue: Arctic Polar Security -- 1 | Polar Environmental Security: Challenges,Threats, and Realities -- 2 | The Evolving Geopolitics of Polar Regions -- 3 | Polar Disaster Diplomacy: Geostrategiesfor Norway -- 4 | The Case for a Five Eyes Critical Minerals Alliance Focusing on Greenland -- PART II -- Prologue: A Southern Perspective -- 5 |Challenges and Opportunities for Southern Ocean and Antarctic Governance -- 6 | Australia's East Antarctic Geostrategic Futures: Nirvana or Doom Inbound? -- 7 | Antarctic Environmental Security: Statusand Challenges -- 8 | New Zealand's Foreign and Security Policy in Antarctica: Small States, Shelter Seeking, and the Changing Polar Landscape -- PART III -- Polar Coda -- Contributors -- Index -- Back Cover. 330 $a"A timely exploration of rapidly evolving geopolitical, social, and environmental challenges for national and international security strategy across the Arctic and Antarctic polar regions. Geopolitics and climate change now have immediate consequences for national and international security interests across the Arctic and Antarctic. The world's polar regions are contested and strategically central to geopolitical rivalry. At the same time, rapid political, social, and environmental change presents unprecedented challenges for governance, environmental protection, and maritime operations in the regions. With chapters that raise awareness, address challenges, and inform policy options, Polar Cousins reviews the state of strategic thinking and options on Antarctica and the Southern Oceans in light of experience in the circumpolar North. Prioritizing strategic issues, it provides an essential discussion of geostrategic thinking, strategic policy, and strategy development. Featuring contributions from international defence experts, scientists, academics, policymakers, and decisionmakers, Polar Cousins offers key insights into the challenges unique to the polar regions."--$cProvided by publisher. 410 0$aBeyond Boundaries: Canadian Defence and Strategic Studies 606 $aClimatic changes 606 $aGeopolitics 607 $aArctic regions$xStrategic aspects 607 $aAntarctica$xStrategic aspects 607 $aArctique$xAspect strate?gique 607 $aAntarctique$xAspect strate?gique 607 $aAntarctica$2fast$1https://id.oclc.org/worldcat/entity/E39PBJc3MgKfJkXRcGFdpVMHG3 607 $aArctic Regions$2fast 610 $aAntarctic. 610 $aArctic. 610 $aDefence studies. 610 $aSouthern Ocean. 610 $acircumpolar north. 610 $acircumpolar south. 610 $aclimate change. 610 $aenvironmental. 610 $ageopolitics. 610 $ageostrategic competition. 610 $agovernance. 610 $aintelligence studies. 610 $ainternational security. 610 $amaritime. 610 $anational security. 610 $apolar shipping. 610 $apolar studies. 610 $apolicy. 610 $apolitics. 610 $asecurity studies. 610 $astrategic studies. 610 $astrategy. 615 0$aClimatic changes. 615 0$aGeopolitics. 676 $a320.12 686 $acci1icc$2lacc 700 $aLeuprecht$b Christian$01271350 701 $aCausey$b Douglas$01271351 801 0$bMiAaPQ 801 1$bMiAaPQ 801 2$bMiAaPQ 906 $aBOOK 912 $a9910634078203321 996 $aPolar Cousins$92995049 997 $aUNINA LEADER 03790nam1 22003731i 450 001 UON00194740 005 20231205103229.554 100 $a20030730g19621970 |0itac50 ba 101 $aeng 102 $aGB 105 $a|||| 1|||| 200 1 $aˆThe ‰works and correspondance of David Ricardo$fPiero Sraffa$gwith the collaboration of M.H. Dobb. - Cambridge$eCambridge University Press, for the Royal Economic Society, 1962-1970 210 $av.$a23 cm. 463 1$1001UON00432560$12001 $aˆ1.: ‰On the principles of political economy and taxation$fDavid Ricardo$gedited by Piero Sraffa, with the collaboration of M.H. Dobb$1210 $aCambridge$cCambridge University Press, for the Royal Economic Society$d1970$1215 $alxii, 447 p.$d23 cm.$v1 463 1$1001UON00432566$12001 $aˆ2.: ‰Notes on Malthus's principles of political economy$fDavid Ricardo$gedited by Piero Sraffa, with the collaboration of M.H. Dobb$1210 $aCambridge$cCambridge University Press, for the Royal Economic Society$d1966$1215 $axviii, 463 p.$d23 cm.$v2 463 1$1001UON00432574$12001 $aˆ3.: ‰Pamphlets and papers, 1809-1811$fDavid Ricardo$gedited by Piero Sraffa, with the collaboration of M.H. Dobb$1210 $aCambridge$cCambridge University Press, for the Royal Economic Society$d1962$1215 $aviii, 437 p.$d23 cm.$v3 463 1$1001UON00432575$12001 $aˆ4.: ‰Pamphlets and papers, 1815-1823$fDavid Ricardo$gedited by Piero Sraffa, with the collaboration of M.H. Dobb$1210 $aCambridge$cCambridge University Press, for the Royal Economic Society$d1966$1215 $avi, 422 p.$d23 cm.$v4 463 1$1001UON00432581$12001 $aˆ5.: ‰Speeches and evidence$fDavid Ricardo$gedited by Piero Sraffa, with the collaboration of M.H. Dobb$1210 $aCambridge$cCambridge University Press, for the Royal Economic Society$d1962$1215 $axxxiv, 534 p.$d23 cm.$v5 463 1$1001UON00432623$12001 $aˆ6.: ‰Letters, 1810-1815$fDavid Ricardo$gedited by Piero Sraffa, with the collaboration of M.H. Dobb$1210 $aCambridge$cCambridge University Press, for the Royal Economic Society$d1962$1215 $axli, 353 p.$d23 cm.$v6 463 1$1001UON00432625$12001 $aˆ7.: ‰Letters, 1816-1818$fDavid Ricardo$gedited by Piero Sraffa, with the collaboration of M.H. Dobb$1210 $aCambridge$cCambridge University Press, for the Royal Economic Society$d1962$1215 $aix, 387 p.$d23 cm.$v7 463 1$1001UON00432626$12001 $aˆ8.: ‰Letters, 1816-June 1821$fDavid Ricardo$gedited by Piero Sraffa, with the collaboration of M.H. Dobb$1210 $aCambridge$cCambridge University Press, for the Royal Economic Society$d1962$1215 $aix, 403 p.$d23 cm.$v8 463 1$1001UON00432628$12001 $aˆ9.: ‰Letters, July 1821-1823$fDavid Ricardo$gedited by Piero Sraffa, with the collaboration of M.H. Dobb$1210 $aCambridge$cCambridge University Press, for the Royal Economic Society$d1962$1215 $aix, 401 p.$d23 cm.$v9 463 1$1001UON00432629$12001 $aˆ10.: ‰Biographical miscellany$fDavid Ricardo$gedited by Piero Sraffa, with the collaboration of M.H. Dobb$1210 $aCambridge$cCambridge University Press, for the Royal Economic Society$d1965$1215 $ax, 424 p.$d23 cm.$v10 606 $aRICARDO DAVID$3UONC082612$2FI 620 $dCambridge$3UONL000022 676 $a820.09$cLetteratura inglese e in antico inglese. Storia, descrizione, studi critici$v21 700 1$aRICARDO$bDavid$3UONV121971$050159 702 1$aDOBB$bM.H.$3UONV115467 702 1$aSRAFFA$bPiero$3UONV115466 712 $aCambridge University Press$3UONV245943$4650 801 $aIT$bSOL$c20250620$gRICA 912 $aUON00194740 996 $aWorks and correspondance of David Ricardo$91210587 997 $aUNIOR